[Event "British Universities-ch"]
[Site "Leicester"]
[Date "2024.02.25"]
[Round "?"]
[White "Gorgun, Aliriza Atif"]
[Black "MacNeil, Elliott"]
[Result "1/2-1/2"]
[WhiteElo "1750"]
[BlackElo "1677"]
[PlyCount "78"]
[EventDate "2024.02.24"]
[EventType "team-swiss (rapid)"]
[EventRounds "9"]
[EventCountry "ENG"]
[SourceTitle "CB11_2024"]
[SourceDate "2024.03.13"]
[SourceVersion "1"]
[SourceVersionDate "2024.03.13"]
[SourceQuality "1"]
[WhiteTeam "Bristol"]
[BlackTeam "UCL"]
[WhiteTeamCountry "ENG"]
[BlackTeamCountry "ENG"]

1. e4 d6 2. d4 Nf6 3. Nc3 g6 4. f4 Bg7 5. Nf3 c5 6. Bb5+ Bd7 7. e5 Ng4 8. e6 Bxb5 9. Ng5 Nh6 10. exf7+ Kd7 11. dxc5 Bxc3+ 12. bxc3 Rf8 13. Qd5 Bc6 14. Qe6+ Kc7 15. Ba3 Na6 16. cxd6+ exd6 17. 0-0-0 d5 18. Qe5+ Kc8 19. Bxf8 Qxf8 20. Rhe1 Nc7 21. Ne6 Qxf7 22. Nxc7 Qxc7 23. Qh8+ Qd8 24. Qxh7 Nf5 25. Qxg6 Nd6 26. Re6 Nc4 27. f5 Qa5 28. Rxc6+ bxc6 29. Qxc6+ Kb8 30. Rxd5 Qa3+ 31. Kd1 Ne3+ 32. Kd2 Nxd5 33. Qxd5 a5 34. f6 Ka7 35. f7 Rf8 36. Qd7+ Ka6 37. Qc6+ Ka7 38. Qc7+ Ka6 39. Qc6+ Ka7 1/2-1/2

[Event "British Universities-ch"]
[Site "Leicester"]
[Date "2024.02.24"]
[Round "?"]
[White "Gorgun, Aliriza Atif"]
[Black "Cont, Arya"]
[Result "1-0"]
[WhiteElo "1750"]
[BlackElo "1993"]
[PlyCount "67"]
[EventDate "2024.02.24"]
[EventType "team-swiss (rapid)"]
[EventRounds "9"]
[EventCountry "ENG"]
[SourceTitle "CB11_2024"]
[SourceDate "2024.03.13"]
[SourceVersion "1"]
[SourceVersionDate "2024.03.13"]
[SourceQuality "1"]
[WhiteTeam "Bristol"]
[BlackTeam "Warwick"]
[WhiteTeamCountry "ENG"]
[BlackTeamCountry "ENG"]

1. e4 e5 2. Nc3 Nf6 3. f4 d5 4. fxe5 Nxe4 5. Qf3 Nc6 6. Nxe4 Nd4 7. Qc3 dxe4 8. Ne2 Nf5 9. Qc4 Qh4+ 10. g3 Qg4 11. Bg2 Nh4 12. Qxe4 Nxg2+ 13. Qxg2 Bc5 14. h3 Qf5 15. d4 Bb6 16. c3 0-0 17. g4 Qe6 18. Bf4 f6 19. d5 Qe7 20. e6 c6 21. c4 Qb4+ 22. Bd2 Qxc4 23. e7 Re8 24. d6 Qe6 25. Bf4 Bc5 26. 0-0-0 Qxa2 27. d7 Bxd7 28. Rxd7 Bxe7 29. Nc3 Qc4 30. Qe4 Qc5 31. Re1 Kf8 32. Qxh7 b5 33. Bd6 Qg5+ 34. Kb1 1-0

[Event "British Universities-ch"]
[Site "Leicester"]
[Date "2024.02.24"]
[Round "?"]
[White "Gorgun, Aliriza Atif"]
[Black "Harrison, Oliver"]
[Result "1-0"]
[WhiteElo "1750"]
[BlackElo "1484"]
[PlyCount "101"]
[EventDate "2024.02.24"]
[EventType "team-swiss (rapid)"]
[EventRounds "9"]
[EventCountry "ENG"]
[SourceTitle "CB11_2024"]
[SourceDate "2024.03.13"]
[SourceVersion "1"]
[SourceVersionDate "2024.03.13"]
[SourceQuality "1"]
[WhiteTeam "Bristol"]
[BlackTeam "Birmingham"]
[WhiteTeamCountry "ENG"]
[BlackTeamCountry "ENG"]

1. e4 e5 2. Nf3 Nc6 3. Bb5 a6 4. Ba4 Nf6 5. 0-0 b5 6. Bb3 Bc5 7. d3 h6 8. c3 d6 9. a4 Bb7 10. Re1 0-0 11. d4 Bb6 12. d5 Ne7 13. a5 Ba7 14. h3 Ng6 15. c4 c6 16. Qd3 cxd5 17. cxd5 Nh5 18. Be3 Nhf4 19. Qd2 Bc8 20. Bxa7 Rxa7 21. Nc3 f5 22. Bc2 Raf7 23. exf5 Nh4 24. Nxh4 Qxh4 25. Re3 Qg5 26. g4 Nxh3+ 27. Kh2 Nf4 28. Rg3 Qh4+ 29. Kg1 Nh3+ 30. Kg2 Nf4+ 31. Kg1 g6 32. fxg6 Rf6 33. Ne4 Rxg6 34. f3 Bf5 35. Qh2 Ne2+ 36. Qxe2 Bxe4 37. Kg2 Bxc2 38. Qxc2 Qg5 39. Rh1 Kg7 40. Rh5 Qe3 41. Qf2 Qxf2+ 42. Kxf2 Rf4 43. g5 Rd4 44. gxh6+ Kh7 45. Rxg6 Kxg6 46. h7 Kxh5 47. h8Q+ Kg5 48. Qd8+ Kf5 49. Qxd6 Rd2+ 50. Ke3 Rxb2 51. Qe6+ 1-0

[Event "British Universities-ch"]
[Site "Leicester"]
[Date "2024.02.24"]
[Round "?"]
[White "Gorgun, Aliriza Atif"]
[Black "Ye, David"]
[Result "1-0"]
[WhiteElo "1750"]
[BlackElo "1592"]
[PlyCount "113"]
[EventDate "2024.02.24"]
[EventType "team-swiss (rapid)"]
[EventRounds "9"]
[EventCountry "ENG"]
[SourceTitle "CB11_2024"]
[SourceDate "2024.03.13"]
[SourceVersion "1"]
[SourceVersionDate "2024.03.13"]
[SourceQuality "1"]
[WhiteTeam "Bristol"]
[BlackTeam "Imperial"]
[WhiteTeamCountry "ENG"]
[BlackTeamCountry "ENG"]

1. e4 e5 2. Nf3 Nc6 3. d4 exd4 4. Nxd4 Bc5 5. Nb3 Bb6 6. Nc3 h6 7. Qe2 Nge7 8. Be3 0-0 9. 0-0-0 d6 10. Rg1 f5 11. f4 Qe8 12. Bxb6 axb6 13. Nb5 Qg6 14. Nxc7 Rxa2 15. Kb1 Ra4 16. exf5 Bxf5 17. g4 Rxf4 18. Bh3 Be4 19. Rd2 Ne5 20. g5 Nf3 21. Be6+ Kh8 22. Rg3 Nxd2+ 23. Qxd2 Rf2 24. Qxd6 Bxc2+ 25. Ka2 Bxb3+ 26. Rxb3 Qxg5 27. Rg3 Qf6 28. Qxb6 Nf5 29. Qxf2 Nxg3 30. Qxg3 Qd4 31. Qa3 Rf6 32. Bb3 Qd7 33. Qa8+ Kh7 34. Qg8+ Kg6 35. Bc2+ Kg5 36. Qc4 Rc6 37. h4+ Kf6 38. Qf4+ Ke7 39. Qe4+ Kd8 40. Nd5 Ra6+ 41. Kb1 Re6 42. Qc4 Rc6 43. Qe4 Re6 44. Qf3 Re1+ 45. Ka2 b5 46. Qf8+ Re8 47. Qc5 Re5 48. Qb6+ Ke8 49. Bg6+ Kf8 50. Qb8+ Re8 51. Qxe8+ Qxe8 52. Bxe8 Kxe8 53. Nc7+ Kf7 54. Nxb5 Kg6 55. Nd6 Kh5 56. b4 Kxh4 57. b5 1-0

[Event "Hastings Masters op"]
[Site "Hastings"]
[Date "2023.01.03"]
[Round "7"]
[White "Gorgun, Aliriza Atif"]
[Black "Jerome, Stellio"]
[Result "1-0"]
[WhiteElo "1850"]
[BlackElo "1501"]
[PlyCount "79"]
[EventDate "2022.12.28"]
[EventType "swiss"]
[EventRounds "10"]
[EventCountry "ENG"]
[SourceTitle "CBM 212 Extra"]
[Source "ChessBase"]
[SourceDate "2023.03.31"]
[SourceVersion "1"]
[SourceVersionDate "2023.03.31"]
[SourceQuality "1"]

1. e4 Nc6 2. d4 e5 3. d5 Nce7 4. Nf3 Ng6 5. h4 Bb4+ 6. c3 Bc5 7. h5 N6e7 8. Nxe5 Nf6 9. Qf3 d6 10. h6 dxe5 11. hxg7 Ng6 12. gxh8Q+ Nxh8 13. Bg5 Be7 14. Bb5+ Bd7 15. Bxf6 Bxb5 16. Bxh8 Qd6 17. Qf5 Bd7 18. Qxe5 Qb6 19. c4 Qg6 20. Nd2 0-0-0 21. Qxe7 Rxh8 22. 0-0-0 Re8 23. Qc5 Kb8 24. f4 b6 25. Qd4 c5 26. dxc6 Bxc6 27. f5 Qg5 28. Qd6+ Kb7 29. Rxh7 Re7 30. Rh8 Rc7 31. e5 Qxf5 32. Rf1 Qe6 33. Qxe6 fxe6 34. Rhf8 Bxg2 35. R1f7 Bh3 36. Rxc7+ Kxc7 37. Rf7+ Kb8 38. Kc2 a5 39. Kc3 Kc8 40. Ne4 1-0

[Event "Hastings Masters op"]
[Site "Hastings"]
[Date "2023.01.02"]
[Round "6"]
[White "Franco, Gaston Nicolas"]
[Black "Gorgun, Aliriza Atif"]
[Result "1-0"]
[WhiteElo "2051"]
[BlackElo "1850"]
[PlyCount "101"]
[EventDate "2022.12.28"]
[EventType "swiss"]
[EventRounds "10"]
[EventCountry "ENG"]
[SourceTitle "CBM 212 Extra"]
[Source "ChessBase"]
[SourceDate "2023.03.31"]
[SourceVersion "1"]
[SourceVersionDate "2023.03.31"]
[SourceQuality "1"]

1. e4 c5 2. Nf3 d6 3. d4 cxd4 4. Nxd4 Nf6 5. Nc3 Nc6 6. Bc4 Qb6 7. Nb3 e6 8. 0-0 Be7 9. Bg5 Ne5 10. Be2 a6 11. a4 Qc7 12. a5 b5 13. axb6 Qxb6 14. Be3 Qc7 15. f4 Nc4 16. Bxc4 Qxc4 17. e5 dxe5 18. fxe5 Nd5 19. Nxd5 Qxd5 20. Qxd5 exd5 21. Bc5 Be6 22. Ra5 Bd8 23. Ra3 Bc7 24. Re1 Bf5 25. c3 Be4 26. Bd4 a5 27. Nc5 Bf5 28. b4 0-0 29. Rea1 Rfe8 30. bxa5 Bxe5 31. Bxe5 Rxe5 32. a6 Ra7 33. Rb3 Re8 34. Rb7 Rea8 35. Kf2 Kf8 36. Ke3 Bc8 37. Rxa7 Rxa7 38. Kd4 Ke7 39. Kxd5 Bd7 40. c4 f5 41. Nb7 Be6+ 42. Kc5 f4 43. Kb6 Ra8 44. Na5 Bc8 45. a7 g5 46. c5 Kf6 47. Nc4 Be6 48. Kb7 Bd5+ 49. c6 Bxg2 50. Kxa8 Bxc6+ 51. Kb8 1-0

[Event "Hastings Masters op"]
[Site "Hastings"]
[Date "2022.12.29"]
[Round "2"]
[White "Royset, Pal"]
[Black "Gorgun, Aliriza Atif"]
[Result "1/2-1/2"]
[WhiteElo "2058"]
[BlackElo "1850"]
[PlyCount "91"]
[EventDate "2022.12.28"]
[EventType "swiss"]
[EventRounds "10"]
[EventCountry "ENG"]
[SourceTitle "CBM 212 Extra"]
[Source "ChessBase"]
[SourceDate "2023.03.31"]
[SourceVersion "1"]
[SourceVersionDate "2023.03.31"]
[SourceQuality "1"]

1. e4 c5 2. Nc3 Nc6 3. Bb5 Nd4 4. Nf3 a6 5. Bd3 g6 6. Nxd4 cxd4 7. Ne2 Bg7 8. c3 dxc3 9. bxc3 d5 10. Rb1 Nf6 11. e5 Ne4 12. f3 Nc5 13. Bc2 b5 14. 0-0 0-0 15. Ba3 Nd7 16. f4 Nb6 17. Nd4 Nc4 18. Bc1 f6 19. e6 f5 20. d3 Nb6 21. Be3 Qd6 22. a4 Nxa4 23. Bxa4 bxa4 24. Qxa4 Bxe6 25. Qa5 Rfb8 26. g3 Bf7 27. Nf3 Rxb1 28. Rxb1 Rc8 29. Rb6 Bxc3 30. Qxa6 Qd8 31. d4 Ra8 32. Qb7 Ba5 33. Rb5 Bc7 34. Ne5 Rb8 35. Qc6 Rxb5 36. Qxb5 Qb8 37. Qxb8+ Bxb8 38. h4 Be8 39. Kf2 Bb5 40. Bd2 Kf8 41. Bb4 Ke8 42. Ke3 Bc7 43. Nf3 Kd7 44. Ng5 h5 45. Nf7 Ke6 46. Ng5+ 1/2-1/2

[Event "Telford 4NCL op 22nd"]
[Site "Telford"]
[Date "2019.07.20"]
[Round "3"]
[White "Gorgun, Aliriza Atif"]
[Black "Lewis, Christopher"]
[Result "1-0"]
[WhiteElo "1862"]
[BlackElo "1864"]
[PlyCount "37"]
[EventDate "2019.07.19"]
[EventType "swiss"]
[EventRounds "5"]
[EventCountry "ENG"]
[SourceTitle "EXT 2020"]
[Source "ChessBase"]
[SourceDate "2019.10.17"]
[SourceVersion "1"]
[SourceVersionDate "2019.10.17"]
[SourceQuality "1"]

1. c4 d5 2. cxd5 Qxd5 3. Nc3 Qd8 4. g3 Nf6 5. Nf3 Nbd7 6. d4 e6 7. Bg2 Bb4 8. a3 Ba5 9. 0-0 0-0 10. Qc2 Qe7 11. b4 Bb6 12. a4 c6 13. b5 a5 14. bxc6 bxc6 15. Ba3 c5 16. Ne5 Ra6 17. Nc6 Qe8 18. Nb5 Bb7 19. Nd6 1-0

[Event "BCF-chT4S 1819 (4NCL)"]
[Site "England"]
[Date "2018.11.18"]
[Round "2.92"]
[White "Finn, Thomas"]
[Black "Gorgun, Aliriza Atif"]
[Result "0-1"]
[WhiteElo "1945"]
[BlackElo "2005"]
[PlyCount "108"]
[EventDate "2018.11.17"]
[EventType "team-swiss"]
[EventRounds "11"]
[EventCountry "ENG"]
[SourceTitle "EXT 2021"]
[Source "ChessBase"]
[SourceDate "2020.10.23"]
[SourceVersion "1"]
[SourceVersionDate "2020.10.23"]
[SourceQuality "1"]
[WhiteTeam "Sussex Martlets III"]
[BlackTeam "Check Innmates II"]
[WhiteTeamCountry "ENG"]
[BlackTeamCountry "ENG"]

1. d4 Nf6 2. Nf3 g6 3. Bf4 c5 4. e3 Bg7 5. Nbd2 Nc6 6. c3 cxd4 7. exd4 0-0 8. Bb5 d6 9. 0-0 Bf5 10. Re1 a6 11. Ba4 b5 12. Bc2 Bxc2 13. Qxc2 Rc8 14. Rad1 Nb4 15. Qb1 Nbd5 16. Bg3 Qd7 17. Qd3 Rc6 18. Nf1 Rfc8 19. Ne5 dxe5 20. dxe5 Nb6 21. exf6 Qxd3 22. Rxd3 Bxf6 23. Ne3 Na4 24. Re2 b4 25. cxb4 Rc1+ 26. Nf1 Rb1 27. Bf4 Nxb2 28. Rb3 Rd8 29. Bd2 Ra1 30. Re1 Rxa2 31. Bc3 Bxc3 32. Rxc3 Rd1 33. Rxd1 Nxd1 34. Rc8+ Kg7 35. Ra8 Ra4 36. Rb8 Nc3 37. g3 Nd5 38. b5 Rb4 39. Kg2 Rxb5 40. Ra8 a5 41. Nd2 Nb6 42. Ra7 e6 43. Ne4 Rd5 44. h4 h6 45. Ra6 Rd4 46. Nc5 Nc4 47. Rxe6 Rxh4 48. Ra6 Rh5 49. Nb3 Rb5 50. Nd4 Rb4 51. Nc6 Ra4 52. Kf3 Ra2 53. Ke4 Rxf2 54. Nxa5 Ra2 0-1